000 01295nam a22002293n 4500
001 9571
090 _a9571
099 _tLIVR
100 _a19970701d1969 m y0frey50 ba
101 0 _afre
102 _aFR
200 1 _aDu Spirituel dans l'art et dans la peinture en particulier.
_bLIVR
_fKandinsky
_d["Ueber das Geistige in der Kunst, insbesondere in der Malerei"].
_gTraduit de l'allemand par Pierre Volbout
210 _aParis
_cDenoël, Gonthier
_d1969
215 _aIn-16 (18 cm), 187 p., ill., pl., couv. ill. 7,80 F. [D. L. 10258-69]
225 _aBibliothèque Médiations
300 _aMédiations. 62. - La couv. porte en plus : "Au coeur de la création picturale"
330 _aQuels sont les pouvoirs de la couleur ? Comment agit-elle sur notre conscience profonde ? Quelle est la situation créatrice de l'homme dans notre société actuelle ? Écrit en 1910 alors que l'artiste venait de peindre son premier tableau abstrait, nourri des observations et des expériences accumulées peu à peu, ce livre compte parmi les textes théoriques essentiels qui ont changé le cours de l'art moderne.
700 _311909375
_aKandinsky
_bWassily
_4070
_925549
702 _312645551
_aVolboudt
_bPierre
_4730
_926435
801 0 _aFR
_bFR-751131015
_c19970701
_gAFNOR
801 0 _aTN
_b32Bis
830 _aABA